000 00601nam a22001577a 4500
003 OSt
005 20150927113530.0
008 150927b xxu||||| |||| 00| 0 eng d
040 _cRUA
082 _aATM.Sp CHH 2003 B058 Or.1
100 _91413
_aCHHEM, THA.
245 _aComparison of dracaena growth on three different substances,​ ប្រៀបធៀបការលូតលាស់របស់ផ្កាត្រាស៊ីណាលើល្បាយបីប្រភេទខុសៗគ្នា
260 _aPhnom Penh
_bRUA
_c2003
300 _a36p.
_bill.
_c29cm.
942 _2ddc
_cATMSP
999 _c1328
_d1328